|
|
|
|
| LEADER |
00000cam a22000004a 4500 |
| 001 |
musev2_8433 |
| 003 |
MdBmJHUP |
| 005 |
20230905040944.0 |
| 006 |
m o d |
| 007 |
cr||||||||nn|n |
| 008 |
870730s1987 wiu o 00 0 eng d |
| 010 |
|
|
|z 87040137
|
| 020 |
|
|
|a 9780299114831
|
| 020 |
|
|
|z 9780299114800
|
| 020 |
|
|
|z 9780299114848
|
| 035 |
|
|
|a (OCoLC)835453008
|
| 040 |
|
|
|a MdBmJHUP
|c MdBmJHUP
|
| 043 |
|
|
|a n-us---
|
| 050 |
0 |
4 |
|a RJ216
|b .A65 1987
|
| 082 |
0 |
|
|a 362.1/9892
|2 19
|
| 100 |
1 |
|
|a Apple, Rima D.
|q (Rima Dombrow),
|d 1944-
|
| 245 |
1 |
0 |
|a Mothers and Medicine :
|b A Social History of Infant Feeding, 1890-1950 /
|c Rima D. Apple.
|
| 264 |
|
1 |
|a Madison, Wis. :
|b University of Wisconsin Press,
|c 1987.
|
| 264 |
|
3 |
|a Baltimore, Md. :
|b Project MUSE,
|c 2012
|
| 264 |
|
4 |
|c ©1987.
|
| 300 |
|
|
|a 1 online resource (280 pages):
|b ill. ;
|
| 336 |
|
|
|a text
|b txt
|2 rdacontent
|
| 337 |
|
|
|a computer
|b c
|2 rdamedia
|
| 338 |
|
|
|a online resource
|b cr
|2 rdacarrier
|
| 500 |
|
|
|a Includes index.
|
| 504 |
|
|
|a Bibliography: p. 247-251.
|
| 588 |
|
|
|a Description based on print version record.
|
| 650 |
|
2 |
|a Physician-Patient Relations.
|
| 650 |
|
2 |
|a Mothers.
|
| 650 |
|
2 |
|a Infant Nutrition.
|
| 650 |
|
2 |
|a Infant Food
|x history
|z United States.
|
| 650 |
|
2 |
|a Infant Care
|x history
|z United States.
|
| 650 |
|
0 |
|a Physician and patient
|z United States
|x History
|y 20th century.
|
| 650 |
|
0 |
|a Physicians
|z United States
|x History
|y 20th century.
|
| 650 |
|
0 |
|a Mothers
|z United States
|x History
|y 20th century.
|
| 650 |
|
0 |
|a Breastfeeding
|z United States
|x History
|y 20th century.
|
| 650 |
|
0 |
|a Infants
|x Nutrition
|z United States
|x History
|y 20th century.
|
| 650 |
|
0 |
|a Physician and patient
|z United States
|x History
|y 19th century.
|
| 650 |
|
0 |
|a Physicians
|z United States
|x History
|y 19th century.
|
| 650 |
|
0 |
|a Mothers
|z United States
|x History
|y 19th century.
|
| 650 |
|
0 |
|a Breastfeeding
|z United States
|x History
|y 19th century.
|
| 650 |
|
0 |
|a Infants
|x Nutrition
|z United States
|x History
|y 19th century.
|
| 655 |
|
7 |
|a Electronic books.
|2 local
|
| 710 |
2 |
|
|a Project Muse.
|e distributor
|
| 830 |
|
0 |
|a Book collections on Project MUSE.
|
| 856 |
4 |
0 |
|z Texto completo
|u https://projectmuse.uam.elogim.com/book/8433/
|
| 945 |
|
|
|a Project MUSE - Custom Collection
|
| 945 |
|
|
|a Project MUSE - Archive Complete Foundation
|
| 945 |
|
|
|a Project MUSE - Archive History Foundation
|